Épülnek az üzemek a szegedi olajmedencében A kőolaj- és gázipar fejlesztése
Elmentve itt :
| Dokumentumtípus: | Cikk |
|---|---|
| Megjelent: |
1971-02-17
|
| Sorozat: | Délmagyarország
61 No. 40 |
| Kulcsszavak: | olaj |
| Online Access: | http://dmarchiv.bibl.u-szeged.hu/103647 |
| LEADER | 00447nab a2200145 i 4500 | ||
|---|---|---|---|
| 001 | delm103647 | ||
| 005 | 20190430083651.0 | ||
| 008 | 190430s1971 hu o 0|| hun d | ||
| 040 | |a SZTE Délmagyarország Archívum |b hun | ||
| 041 | |a hun | ||
| 245 | 0 | 0 | |a Épülnek az üzemek a szegedi olajmedencében |h [elektronikus dokumentum] : |b A kőolaj- és gázipar fejlesztése |
| 260 | |c 1971-02-17 | ||
| 300 | |a 3 | ||
| 490 | 0 | |a Délmagyarország |v 61 No. 40 | |
| 695 | |a olaj | ||